00279nam a2200121Ia 4500008004100000041001200041082001000053100002200063245002900085250000900114260002600123650000800149221030s9999 xx 000 0 und d aEnglish a105.6 aAnupama Goyal/190 0aOnline Crime Management a2009 aInfoworld Noidac2009 aMCA